Normal view
MARC view
- Supervised by Asst Prof. Dr. Mir Yasir Umair
Entry Personal Name
001 - CONTROL NUMBER
- control field: 132897
003 - CONTROL NUMBER IDENTIFIER
- control field: NUST
005 - DATE AND TIME OF LATEST TRANSACTION
- control field: 20260126132827.0
008 - FIXED-LENGTH DATA ELEMENTS
- fixed length control field: 260126|| aca||aabn | a|a d
040 ## - CATALOGING SOURCE
- Original cataloging agency: NUST
- Transcribing agency: NUST
100 ## - HEADING--PERSONAL NAME
- Personal name: Supervised by Asst Prof. Dr. Mir Yasir Umair
670 ## - SOURCE DATA FOUND
- Source citation: Work cat.: (NUST): Gulzar, Wasif 132896, Gesture controlled drone /, July, 2020
